000
00304nam a22001217a 4500
008
180315b xxu||||| |||| 00| 0 eng d
041
_a
eng
080
_a
159.9
100
_a
48
101
_a
PSI
245
_a
Instructor's resource book to accompany psychology and life
_c
Zimbardo,P.G
942
_2
udc
_c
BK
999
_c
45117
_d
45117